000 00745nam a22002057a 4500
003 OSt
005 20251124111019.0
008 251124b |||||||| |||| 00| 0 eng d
020 _a13 : 978-1-4511-0879-8
040 _aDWCL-Admin lib
_cOC
082 _aCirc. 618.20231 P641m 2010
100 _aPilliteri, Adele
245 _a Maternal & child health nursing : care of the chilbearing & childrearing family /
_cAdele Pilliteri
260 _a Philadephia :
_bWolters Kluwer, Lippincott Williams & Wilkins,
_cc2010
300 _a2 v (xxviii, 1778 ) : ill. ;
_c26 cm.
504 _aIncludes bibliographical references & index.
650 _a1. Maternity nursing.
650 _a2. Pediatric nursing
942 _2ddc
_cBK-CIRC
_kCirc.
_n0
_e6th. ed.
999 _c6062
_d6062